000 00385nam a2200145Ia 4500
008 230711s9999||||xx |||||||||||||| ||und||
041 _aENG
082 _a4
_bSI-C
100 _aSiewiorek D P
245 0 _aComputer structures principles and examples
250 _a4th Ed.
260 _c1982
_aNew York
_bTata McGraw Hill Education Limited
650 _aComputer Engineering
942 _cBK
999 _c342
_d342